Prosta droga na Antarktydę - Statystyki

Ogólne statystyki
  • Ten quiz został rozwiązany 214 razy
  • Średni wynik to 41 z 69
Statystyki odpowiedzi
Państwo % Poprawnych
Stany Zjednoczone
89%
Republika Południowej Afryki
87%
Argentyna
85%
Brazylia
84%
Chile
83%
Kanada
83%
Australia
80%
Nowa Zelandia
77%
Indie
75%
Meksyk
74%
Rosja
70%
Madagaskar
69%
Oman
68%
Indonezja
67%
Japonia
67%
Jemen
67%
Hiszpania
66%
Peru
66%
Portugalia
66%
Somalia
66%
Urugwaj
64%
Ekwador
63%
Islandia
63%
Seszele
62%
Wielka Brytania
62%
Francja
61%
Gwinea
61%
Pakistan
61%
Sri Lanka
61%
Togo
61%
Malediwy
60%
Angola
59%
Senegal
59%
Iran
58%
Mozambik
58%
Namibia
58%
Wybrzeże Kości Słoniowej
58%
Ghana
57%
Fidżi
56%
Kenia
56%
Gwinea Bissau
55%
Mauritius
55%
Benin
54%
Nigeria
54%
Wyspy Świętego Tomasza i Książeca
54%
Bangladesz
52%
Gabon
52%
Gambia
52%
Gwinea Równikowa
52%
Kiribati
52%
Panama
52%
Wyspy Salomona
52%
Samoa
51%
Sierra Leone
51%
Kongo
50%
Mikronezja
50%
Tonga
50%
Wyspy Marshalla
50%
Dania
49%
Mjanma
49%
Papua-Nowa Gwinea
48%
Nikaragua
47%
Republika Zielonego Przylądka
47%
Gwatemala
46%
Liberia
46%
Norwegia
45%
Salwador
45%
Kostaryka
43%
Honduras
40%
Nie znaleziono quizów pasujących do podanych kryteriów
Rozkład punktacji
Procent ludzi z każdym wynikiem
Percentyl według liczby udzielonych odpowiedzi
Twoja historia wyników
Nie rozwiązałeś tego quizu